000 00555nam a2200193Ia 4500
005 20250923150027.0
008 008 250917s9999 xx 000 0 eng d
037 _aTextual
040 _aDSWL
_beng
_cDSWL
041 _aeng
_2eng
084 _aY4911-72, N93
_qDSWL
245 4 _aThe tribal domestic worker at the cross roads : A search for alternatives
260 _aNew Delhi
_b Ind. Soc. Inst.
_c1993
300 _a71 p.
365 _aINR
_b25.00
925 _g25.00
942 _cTEXL
_hY4911-72, N93
999 _c1458674
_d1458674